00614nam a2200181 a 450000100080000000500110000800800410001910000170006024501500007726000940022750000110032165000140033265000130034665000220035965300220038165300120040365300170041511708012026-03-20 1995 bl uuuu u00u1 u #d1 aBRONDANI, C. aVariacao isoenzimatica dentro e entre populacoes de tres especies de Manihot (Euphorbiaceae), relacionadas a mandioca (Manihot esculenta Crantz). aRevista Brasileira de Genetica, Ribeirao Preto, v.18, n.3, p.265, 1995. Suplemento.c1995 aResumo aIsoenzima aMandioca aManihot Esculenta aespecie silvestre aIsozyme aWild species